Геморрой / (Record no. 78126)
[ view plain ]
| 000 -LEADER | |
|---|---|
| fixed length control field | 00948nam a2200229 u 4500 |
| 001 - CONTROL NUMBER | |
| control field | 000222515 |
| 003 - CONTROL NUMBER IDENTIFIER | |
| control field | AM-YeHGA |
| 005 - DATE AND TIME OF LATEST TRANSACTION | |
| control field | 20250617124409.0 |
| 008 - FIXED-LENGTH DATA ELEMENTS--GENERAL INFORMATION | |
| fixed length control field | 030506s1976 ai r 000 0 rus d |
| 040 ## - CATALOGING SOURCE | |
| Original cataloging agency | AM-YeHGA |
| 090 ## - LOCALLY ASSIGNED LC-TYPE CALL NUMBER (OCLC); LOCAL CALL NUMBER (RLIN) | |
| -- | 79373 |
| 100 1# - MAIN ENTRY--PERSONAL NAME | |
| Personal name | Ривкин, Владимир Львович |
| 245 10 - TITLE STATEMENT | |
| Title | Геморрой / |
| Statement of responsibility, etc. | В.Л. Ривкин, Л.Л. Капуллер. |
| 260 ## - PUBLICATION, DISTRIBUTION, ETC. | |
| Place of publication, distribution, etc. | Москва : |
| Name of publisher, distributor, etc. | Медицина, |
| Date of publication, distribution, etc. | 1976. |
| 300 ## - PHYSICAL DESCRIPTION | |
| Extent | 160 с. : |
| Other physical details | ил., ; |
| Dimensions | 20 см. |
| 650 14 - SUBJECT ADDED ENTRY--TOPICAL TERM | |
| Topical term or geographic name entry element | Кишка прямая |
| General subdivision | Анатомия и гистология |
| -- | Физиология |
| 650 14 - SUBJECT ADDED ENTRY--TOPICAL TERM | |
| Topical term or geographic name entry element | Геморрой |
| General subdivision | Этиология |
| -- | Диагноз |
| -- | Хирургия |
| 650 14 - SUBJECT ADDED ENTRY--TOPICAL TERM | |
| Topical term or geographic name entry element | Артериовенозные анастомозы |
| General subdivision | Ультраструктура |
| 650 14 - SUBJECT ADDED ENTRY--TOPICAL TERM | |
| Topical term or geographic name entry element | Геморрагии |
| 650 14 - SUBJECT ADDED ENTRY--TOPICAL TERM | |
| Topical term or geographic name entry element | Колоректальная хирургия |
| General subdivision | Методы |
| 700 1# - ADDED ENTRY--PERSONAL NAME | |
| Personal name | Капуллер, Леонард Леонидович |
| Withdrawn status | Lost status | Source of classification or shelving scheme | Damaged status | Not for loan | Collection | Home library | Current library | Date acquired | Total checkouts | Full call number | Barcode | Date last seen | Price effective from | Koha item type | Public note |
|---|---|---|---|---|---|---|---|---|---|---|---|---|---|---|---|
| Universal Decimal Classification | General | Fundamental Scientific Library | Fundamental Scientific Library | 22/12/2016 | PII/386056 | FL0372544 | 22/12/2016 | 22/12/2016 | Գրքեր / Books | 30 Days Loan | |||||
| Universal Decimal Classification | General | Fundamental Scientific Library | Fundamental Scientific Library | 22/12/2016 | PII/387164 | FL0375062 | 22/12/2016 | 22/12/2016 | Գրքեր / Books | 30 Days Loan |
ՀՀ Գիտությունների ազգային ակադեմիայի հիմնարար գիտական գրադարան = Fundamental Scientific Library of NAS RA
All site content, except where otherwise noted, is licensed under a